000 00466cam a22001934a 4500
005 20250605164254.0
008 250528s ||||||||||||||||||||||||d
035 _a21845
020 _a9789605123864
040 _aGR-AtMCL
_bgre
_dGR-AtMCL
_eAACR2
245 1 _aMACROMEDIA DIRECTORMX ΚΑΙ LINGO
250 _a1
260 _bΓκιουρδας,
_c2003
300 _a907
700 1 _aGross Phil
_97753
942 _cBK
999 _c6903
_d6903